Fundamentals of statistics (Record no. 30378)

MARC details
000 -LEADER
fixed length control field 00390nam a2200169Ia 4500
020 ## - INTERNATIONAL STANDARD BOOK NUMBER
ISBN 978-93-5024-595-8
050 ## - CALL MARK
Classification number HA 29 .G87/
100 ## - STATEMENT OF RESPONSIBILITY--MAIN AUTHOR NAME
Personal name Gupta, S. C.
245 #0 - TITLE STATEMENT
Title Fundamentals of statistics
250 ## - EDITION / VOLUME STATEMENT
Edition / Volume statement 6th ed.
260 ## - PUBLICATION, DISTRIBUTION, ETC. (IMPRINT)
Place of publication Mumbai
260 ## - PUBLICATION, DISTRIBUTION, ETC. (IMPRINT)
Name of publisher Himalaya Publ.
260 ## - PUBLICATION, DISTRIBUTION, ETC. (IMPRINT)
Year of publication 2011
942 ## - ADDED ENTRY ELEMENTS (KOHA)
Koha item type Books
Holdings
Withdrawn status Lost status Source of classification or shelving scheme Damaged status Not for loan Permanent Location Current Location Date acquired Accession Number Price effective from Koha item type
    Library of Congress Classification     NILE UNIVERSITY OF NIGERIA - MAIN LIBRARY NILE UNIVERSITY OF NIGERIA - MAIN LIBRARY 04/23/2025 0000896 04/23/2025 Books